|
|
|
|
| LEADER |
00000nbm0a2200000 4500 |
| 001 |
49200 |
| 005 |
20231031032524.0 |
| 035 |
|
|
|a (RuTPU)RU\TPU\book\51521
|
| 090 |
|
|
|a 49200
|
| 100 |
|
|
|a 20030326d1987 k y0rusy50 ca
|
| 101 |
0 |
|
|a rus
|
| 102 |
|
|
|a RU
|
| 105 |
|
|
|a a m 001zy
|
| 200 |
1 |
|
|a Параметры и характеристики синхронного двигателя при несимметрии и несинусоидальности напряжения сети
|e диссертация на соискание ученой степени кандидата технических наук
|e спец.05.09.01
|f К. Г. О. Исмаилов
|g Азербайджанский институт нефти и химии им. М. Азизбекова ; науч. рук. Г. А. Сипайлов
|
| 210 |
|
|
|a Баку
|d 1987
|
| 215 |
|
|
|a 167 л.
|c ил.
|
| 320 |
|
|
|a Библиогр.: с. 148-157 (92 назв.).
|
| 610 |
1 |
|
|a электрические машины
|
| 610 |
1 |
|
|a параметры
|
| 610 |
1 |
|
|a характеристики
|
| 610 |
1 |
|
|a синхронные двигатели
|
| 610 |
1 |
|
|a напряжение сети
|
| 675 |
|
|
|a 621.313.323(048)
|v 3
|
| 686 |
|
|
|a 05.09.01
|2 oksvnk
|
| 700 |
|
1 |
|a Исмаилов
|b К. Г. О.
|g Княз Гани Оглы
|
| 702 |
|
1 |
|a Сипайлов
|b Г. А.
|c специалист в области электромеханики
|c профессор Томского политехнического университета
|f 1920-2004
|g Геннадий Антонович
|2 stltpush
|3 (RuTPU)RU\TPU\pers\12400
|4 727
|
| 712 |
0 |
2 |
|a Азербайджанский институт нефти и химии им. М. Азизбекова
|
| 801 |
|
1 |
|a RU
|b 63413507
|c 20030326
|g PSBO
|
| 801 |
|
2 |
|a RU
|b 63413507
|c 20150907
|g PSBO
|
| 942 |
|
|
|c BK
|